| 000 | 00526nam a22001697a 4500 | ||
|---|---|---|---|
| 999 |
_c62237 _d62237 |
||
| 005 | 20240829122028.0 | ||
| 008 | 240829c2005 enk||||| |||| 00| 0 eng d | ||
| 022 | _a 0031 8221 | ||
| 041 | _aeng | ||
| 245 |
_aPhilosophy East and West : _b2005. A Quarterly of Comparative Philosophy / _c Editor R. T. Ames. |
||
| 260 |
_aHong Kong, _c2005. |
||
| 300 | _aV. | ||
| 653 | _aფილოსოფია | ||
| 653 | _aპერიოდიკა | ||
| 700 |
_a Ames, R. T _eრედაქტორი _923136 |
||
| 942 |
_2udc _cCR |
||